000 nam a22 7a 4500
999 _c35900
_d35900
003 OSt
005 20170719150619.0
008 170719b xxu||||| |||| 00| 0 eng d
040 _cSEROSOFT
100 _aANDERSON
245 _aPOWER SYSTEM
260 _aDELHI
_bWILEY INDIA
_c2012
300 _a1306
_b5 COPY
942 _2ddc
_c03
_kPOLY